ბათუმის შოთა რუსთაველის სახელმწიფო უნივერსიტეტის ბიბლიოთეკა

არაფერია ნამდვილი და ყველაფერი შესაძლებელია : (ბიბ.ჩანაწერი № 63664)

000 -ლიდერი
ფიქსირებული სიგრძის საკონტროლო ველი 01833nam a22002657a 4500
003 - საკონტროლო ნომრის იდენტიფიკატორი
საკონტროლო ველი Ge_BSU
005 - ბოლო ოპერაციის თარიღი და დრო
საკონტროლო ველი 20251203203029.0
008 - ფიქსირებული სიგრძის მონაცემთა ელემენტები - ზოგადი ინფორმაცია
ფიქსირებული სიგრძის საკონტროლო ველი 251203s2017 ge ||||| |||| 00| 0 geo d
020 ## - წიგნის საერთაშორისო სტანდარტული ნომერი
International Standard Book Number 9789941096143
041 ## - ენის კოდი
Language code of text/sound track or separate title geo
080 ## - უნივერსალური ათობითი კლასიფიკაციის ინდექსი
Universal Decimal Classification number 910.4(470) : 821.161.1-94 პ-59
100 ## - მთავარი ჩანაწერი - პიროვნების სახელი
Personal name პომერანცევი, პიტერ
9 (RLIN) 15363
245 ## - ცნობა სათაურის შესახებ
Title არაფერია ნამდვილი და ყველაფერი შესაძლებელია :
Remainder of title მოგზაურობა თანამედროვე რუსეთში /
Statement of responsibility, etc პიტერ პომერანცევი; მთარგმნელი გია ბერაძე; რედაქტორი ნინო გოგალაძე; სამეცნიერო რედაქტორი ანი ჩხიკვაძე; ყდის დიზაინერი თაკო ჩხაიძე.
264 ## - წარმოების, გამოცემის, დისტრიბუციის და სხვა ცნობები
გამოცემის, წარმოების, დისტრიბუციის... ადგილი თბილისი,
გამოცემის, წარმოების, დისტრიბუციის... თარიღი 2017.
300 ## - ფიზიკური აღწერა
Extent 280 გვ. ;
Other physical details 21 სმ.
490 ## - სერიის ცნობა
Series statement რადარამის წიგნები ; 18
500 ## - ზოგადი შენიშვნა
General note გამოცემულია ფონდ ”ღია საზოგადოება- საქართველოს” ფინანსური მხარდაჭერით.
653 ## - INDEX TERM--UNCONTROLLED
Uncontrolled term მოგზაურობა რუსეთში.
653 ## - INDEX TERM--UNCONTROLLED
Uncontrolled term თარგმანები ქართულ ენაზე
700 ## - ADDED ENTRY--PERSONAL NAME
Personal name ბერაძე, გია
Relator term მთარგმნელი
9 (RLIN) 22860
700 ## - ADDED ENTRY--PERSONAL NAME
Personal name გოგალაძე, ნინო
Relator term რედაქტორი
9 (RLIN) 12334
700 ## - ADDED ENTRY--PERSONAL NAME
Personal name ჩხიკვაძე, ანი
Relator term რედაქტორი
9 (RLIN) 26344
700 ## - ADDED ENTRY--PERSONAL NAME
Personal name ჩხაიძე, თაკო
Relator term ყდის დიზაინერი
9 (RLIN) 26345
942 ## - ADDED ENTRY ELEMENTS (KOHA)
Source of classification or shelving scheme
Koha item type წიგნი
ეგზემპლარები
ჩამოწერის სტატუსი დაკარგული ეგზემპლარის სტატუსი კლასიფიკაციის წყარო ან თაროზე გაწყობის სქემა დაზიანების სტატუსი არ გაიცემა მუდმივი მდებარეობა (დაცვის ადგილი) ამჟამინდელი ადგილსამყოფელი თაროზე განთავსების ადგილი შეძენის თარიღი ღირებულება, შესყიდვის ნორმალური ფასი სრული შენახვის შიფრი შტრიხკოდი ბოლო ოპერაციის თარიღი ეგზემპლარის მიმდევრობითი ნომერი (კეტერი?) Uniform Resource Identifier ფასის ძალაში შესვლის თარიღი ეგზემპლარის სახეობა საჯარო შენიშვნა
          ბათუმის შოთა რუსთაველის სახელმწიფო უნივერსიტეტის მთავარი ბიბლიოთეკა ბათუმის შოთა რუსთაველის სახელმწიფო უნივერსიტეტის მთავარი ბიბლიოთეკა წიგნსაცავი 2025-12-03 10.00 910.4(470) : 821.161.1-94 პ-59 73215 2025-12-03 73215 საჩუქარი საქართველოს ეროვნული ბიბლიოთეკისაგან 2025-12-03 წიგნი 10 ლ.